Teneduría de libros (Record no. 5373)

MARC details
000 -CABECERA
campo de control de longitud fija 00547nam a2200217 a 4500
001 - NÚMERO DE CONTROL
campo de control BRCA_5680
005 - FECHA Y HORA DE LA ÚLTIMA TRANSACCIÓN
campo de control 20190320205159.0
008 - DATOS DE LONGITUD FIJA--INFORMACIÓN GENERAL
campo de control de longitud fija 020311s1872----mx-#######---#000-0#spa-#
041 ## - CÓDIGO DE LENGUA
Código de lengua del texto/banda sonora o título independiente spa
044 ## - CÓDIGO DEL PAÍS DE LA ENTIDAD EDITORA/PRODUCTORA
Código MARC del país mx
050 #4 - SIGNATURA TOPOGRÁFICA DE LA BIBLIOTECA DEL CONGRESO
Número de clasificación HF5651
Número de documento/Ítem .R37 1872
100 1# - ENTRADA PRINCIPAL--NOMBRE DE PERSONA
Nombre de persona Raso, Bernardino del
9 (RLIN) 14432
245 10 - MENCIÓN DE TÍTULO
Título Teneduría de libros
Mención de responsabilidad, etc. Bernardino del Raso.
260 ## - PUBLICACIÓN, DISTRIBUCIÓN, ETC.
Lugar de publicación, distribución, etc. México
Fecha de publicación, distribución, etc. 1872
300 ## - DESCRIPCIÓN FÍSICA
Extensión 1 v. (sin paginación)
Dimensiones 21 cm.
500 ## - NOTA GENERAL
Nota general H1
650 14 - PUNTO DE ACCESO ADICIONAL DE MATERIA--TÉRMINO DE MATERIA
Término de materia o nombre geográfico como elemento de entrada Contabilidad
9 (RLIN) 14433
650 14 - PUNTO DE ACCESO ADICIONAL DE MATERIA--TÉRMINO DE MATERIA
Término de materia o nombre geográfico como elemento de entrada Administración
9 (RLIN) 14434
902 ## - CATALOGADOR
Iniciales GFM
942 ## - ELEMENTOS DE PUNTO DE ACCESO ADICIONAL (KOHA)
Fuente del sistema de clasificación o colocación Library of Congress Classification
Tipo de ítem Koha Libros
Holdings
Estado de retiro Estado de pérdida Estado dañado No para préstamo Localización permanente Ubicación/localización actual Fecha de adquisición Número de inventario Total de préstamos Signatura topográfica completa Código de barras Fecha visto por última vez Precio válido a partir de Tipo de ítem Koha
El ejemplar forma parte de la colección y puede ser consultado según las políticas vigentes.       Biblioteca del Museo Franz Mayer (Rogerio Casas-Alatriste) Biblioteca del Museo Franz Mayer (Rogerio Casas-Alatriste) 02/03/2011 H1   HF5651 .R37 1872 (H1) 6116 22/03/2019 22/03/2019 Libros